| 000 | 00000cam 2200000za 4500 |
| 001 | 9.674417 |
| 003 | CaOODSP |
| 005 | 20260105075423 |
| 007 | cr ||||||||||| |
| 008 | 150407|2005||||xxc|||||o f|0| 0 chi d |
| 020 | |a0-662-02794-9 |
| 040 | |aCaOODSP|beng |
| 043 | |an-cn--- |
| 086 | 1 |aM39-115/2005Chi2-PDF|zM39-115/2005Ch-PDF |
| 245 | 00|aRETScreen® software online user manual - photovoltaic project model |h[electronic resource] |
| 250 | |a[Simplified Chinese edition]. |
| 260 | |aQuébec - Quebec : |bNatural Resources Canada. |cc1997-2005. |
| 300 | |a102p.|bcoloured illus., graphs |
| 504 | |aBibliography. |
| 546 | |aText in Simplified Chinese. |
| 590 | |a13-24-Supp|b2013-10-18 |
| 690 | 07|aAlternative energy|2gcpds |
| 690 | 07|aEnergy technology|2gcpds |
| 690 | 07|aSolar energy|2gcpds |
| 710 | 1 |aCanada. |bEnergy Technology Branch. |
| 775 | 08|tRETScreen® software online user manual - photovoltaic project model / |w(CaOODSP)9.687440 |
| 792 | |tLogiciel RETScreen® manuel de l'utilisateur en ligne - modèle pour projets d'installation photovoltaïque |efre|w(CaOODSP)9.674418 |
| 856 | 40|ahttp://publications.gc.ca|qPDF|s918 KB|uhttps://publications.gc.ca/collections/collection_2013/rncan-nrcan/M39-115-2005-chi.pdf |